Jemu

Bibliographic Details
Main Author: Žubretovská, Katarína (Author)
Format: Book
Language:Slovak
PhysicalDescription:[42] s. 15 cm
Published: Lučenec Katarína Žubretovská 2005
ISBN:8096936093
Edition:1. vyd.
Subjects:

MARC

LEADER 00000nam a2200000 a 4500
001 vtls008297003
003 SK-MaSNL
005 20260301164432.0
008 240315s2005 xo g 000 p slo
015 |a SNBA2005/12-04914 
020 |a 8096936093  |q (brož.) 
035 |a urn:nbn:sk:snk-am00d7m9 
035 |a urn:nbn:sk:snk-am3hsey 
035 |a FE36BFFB-D875-494A-BF3C-95D010E06BFC 
040 |a SNK  |b slo  |c SNK  |e AACR2 
041 0 |a slo 
044 |a xo  |c SK 
072 7 |a 821.162.4-1  |x Slovenská poézia  |2 konspekt 
080 |a 27-23/-24  |2 MDT-MRF 
100 1 |a Žubretovská, Katarína  |4 aut  |9 531833 
245 1 0 |a Jemu  |c Katarína Žubretovská 
250 |a 1. vyd. 
260 |a Lučenec  |b Katarína Žubretovská  |c 2005 
300 |a [42] s.  |c 15 cm 
500 |a Ilustr. na tit. strane 
501 |a Miesto vydania na tit. strane Lučenec-Londýn 
655 7 |a slovenská poézia  |2 SNKPH  |9 70444 
919 |a 80-969360-9-3 
968 |d 821 
999 |c 820613  |d 822543 
952 |a SNK  |b SNK  |y PREZ  |7 0  |p 17A0482866  |o snkSE 10994  |i snk2005/15173  |8 0  |0 0  |1 0  |4 0  |d 2005-09-09  |f 1  |l 0  |r 2026-02-24 03:05:02  |w 2026-02-24 
952 |a SNK  |b SNK  |y VYP  |7 0  |p 17A0482865  |o snkSE 10994 D1  |i snk2005/15175  |8 0  |0 0  |1 0  |4 0  |d 2005-09-09  |l 0  |r 2026-02-24 03:05:02  |w 2026-02-24